=LDR 00000nam 2200000 4500 =001 INLIS000000000037480 =005 20130612143218 =008 ***********************************Ind** =035 ##$$0010-061300000037480 =041 ##$$a Ind =082 ##$$a 641.5 =090 ##$$a 641.5, Erw g =100 ##$$a Erwin, Lili T =245 ##$$a Gemar makan ikan 25 cita tasa ikan gurame, Lili T Erwin; Editor, intarina Hardiman =260 ##$$a 2011 $b Jakarta =300 ##$$a 56 hlm, Ilus, 21 cm =650 ##$$a Masakan(Ikan)Resep =700 ##$$a Intarina, Hardiman =850 ##$$a NBPNMAT